Obecná a srovnávací pedagogika

Enregistré dans:
Détails bibliographiques
Auteur principal: Štverák, Vladimír (Auteur)
Format: Livre
Langue:tchèque
Publié: Praha : Univerzita Karlova, 2007
Édition:2. vyd., 1. dotisk
Sujets:
Accès en ligne:OBSAH
Tags: Ajouter un tag
Pas de tags, Soyez le premier à ajouter un tag!

MARC

LEADER 00000nam a22000003a 4500
001 stu201787
005 20150617230107.5
008 100330s2007----xr------------------cze-d
020 |a 978-80-246-0003-1 
040 |a STU  |b slo 
041 0 |a cze 
044 |a xr 
080 |a 37 
100 1 |a Štverák, Vladimír  |4 aut 
245 1 |a Obecná a srovnávací pedagogika 
250 |a 2. vyd., 1. dotisk 
260 |a Praha :  |b Univerzita Karlova,  |c 2007 
300 |a 282 s 
650 7 |a pedagogika  |2 stusub 
856 4 |a https://sweb.mtf.stuba.sk/obsahy/obecna_a_srovnavaci_pedagogika_07.PDF  |u https://sweb.mtf.stuba.sk/obsahy/obecna_a_srovnavaci_pedagogika_07.PDF  |3 OBSAH 
996 |b 284M078049  |c M*12699-1  |l MMST  |s A  |a 24  |w stu201787_0001 
996 |b 284M078050  |c M*12699-2  |l MMKN  |s A  |a 24  |w stu201787_0002